| 000 | 00630nam a2200193 a 4500 | ||
|---|---|---|---|
| 001 | 000042765 | ||
| 005 | 20240301125121.0 | ||
| 008 | 140207s2005 pr 000 0 spa d | ||
| 020 | _a193227149X | ||
| 040 |
_aDO-SdBNP _bspa _cBNPHU |
||
| 082 |
_axxxxxx _bxxxxxx |
||
| 100 | 1 |
_aValdez, Pedro Antonio, _d1968- _922509 |
|
| 245 | 1 | 0 |
_aNarraciones apócrifas / _cPedro Antonio Valdez. |
| 260 |
_aSan Juan, Puerto Rico, : _bIsla Negra, _c2005. |
||
| 300 |
_a141 p. ; _c22 cm. |
||
| 490 | 1 | _aEl rostro y la máscara | |
| 500 | _aIncluye datos biográficos del autor en la solapa de la cubierta | ||
| 830 | 0 |
_aEl rostro y la mascara _9251 |
|
| 999 |
_c42254 _d42254 |
||